عرض عادي
عرض مارك
- AOIS 2003
مدخل إسم مؤتمر
001 - رقم الضبط
- حقل الضبط: 7792
003 - معرف رقم الضبط
- حقل الضبط: OSt
005 - تاريخ ووقت أخر عملية
- حقل الضبط: 20111213100408.0
008 - عناصر بيانات ثابتة الطول
- حقل تحكم ثابت الطول: 111213|||a|||||| | ||| d
040 ## - مصدر الفهرسة
- هيئة الفهرسة الأصلية: OSt
- وكالة الكتابة: OSt
111 ## - مدخل -- اسم مؤتمر
- اسم الملتقي او اسم السلطه كعنصر مدخل: AOIS 2003
- تاريخ المؤتمر: (2003
- مكان الملتقي: Melbourne, Vic. and Chicago, Ill.)10
670 ## - بيانات المصدر موجوده
- الاستشهاد بالمصدر: Work cat.: (OSt)3664: AOIS 2003 (2003 Melbourne, Vic. and Chicago, Ill.)10, Agent-oriented information systems Ag, c2004.
